| 000 | 00807nam a22001937a 4500 | ||
|---|---|---|---|
| 005 | 20180413150621.0 | ||
| 010 | _aB-690914-915 | ||
| 020 |
_a9788184420401 _c795.00 |
||
| 035 | _aB-690914-915 | ||
| 037 | _bUniversal Voice | ||
| 082 | _a921 | ||
| 245 |
_aTrue face of Jinnah : _cby N.Kunju _bexcerpts from Jinnah's speeches with an analytical introduction / |
||
| 260 |
_aNew Delhi _bUniversal Voice _c2011 |
||
| 270 |
_aGF-6, Prakash Deep Building, 4735/22, Ansari Road, Darya Ganj, _bNew Delhi _e110002 |
||
| 300 |
_a184p. _c21cm.(Hb) |
||
| 500 | _aBalidani | ||
| 942 |
_2ddc _cEN _mKUN _h921 |
||
| 999 |
_c151191 _d151191 |
||